000 00215nam a22000857a 4500
008 161028b xxu||||| |||| 00| 0 eng d
100 _9982
_aRaja.P.
245 _aHindi Book
260 _aNew Delhi
_bR.P.B. Publications
_c2009
999 _c3641
_d3641